00303nam a2200109Ia 4500008004100000041000800041082002400049100001800073245005600091260003700147300000900184230411s9999 xx 000 0 und d aeng aOG/618.1/GUP/B07024 aGupta Sadhana aComprehensive Textbook of Obstetrics and Gynecology bJaypee BrothersaNew Delhic2011 a664p